00787caa a22001812a 4500001000900000003001100009008004300020092001600063100003500079245004500114300001600159500012800175700002400303942000900327773009900336773015300435999001700588 011384 AR-FADEU 311216n########xxu####################dd a304.6bM489 aLester R. Brown, Sandra Postel aDel crecimiento al desarrollo sostenible aPP. 115-122 aEn: Medio ambiente y desarrollo sostenible : más allá del infome Brundtland /ed. Robert Goodland. Madrid : Trotta, 1997 aChristopher, Flavin cBDGR0 0690394750abdBuenos Aireso10741tMEDIO ambiente y urbanizaciónw( AR-FADEU) 001064xz0 017148917454abdMadrido15969tMEDIO ambiente y desarrollo sostenible : más allá del informe Brundtlandw( AR-FADEU) 011372xz84-8164-157-X c17160d17160